| 000 | 00826nam a2200217Ia 4500 | ||
|---|---|---|---|
| 001 | 9197 | ||
| 003 | GE_BSU | ||
| 008 | 181216s||||||||xx |||||||||||||| ||und|| | ||
| 040 | _cGE_BSU | ||
| 080 | _a821.353.1–31 | ||
| 100 | _aლორთქიფანიძე,კონსტანტინე | ||
| 245 | _aთხზულებანი ოთხ ტომად. ტ.2 | ||
| 245 | _bკოლხეთის ცისკარი. რომანი | ||
| 245 | _cრედ.ლ.ნანიტაშვილი.მხატვ.თ.სამსონაძე | ||
| 260 | _aთბილისი | ||
| 260 | _bსაბჭოთა საქართველო | ||
| 260 | _c1968 | ||
| 300 | _a400გვ.20სმ. | ||
| 653 | _aკოლხეთის ცისკარი. რომანი | ||
| 942 | _cBK | ||
| 999 |
_c42500 _d42500 |
||